000 00488cam a2200193ua 4500
001 5321
005 20260515113849.0
008 120729n ii |||gr||||Z||||||eng
020 _a81-7096-357-5
040 _cMAIN
082 _a821
100 _aSinha, Krishna Nandan,
_eEditor,
245 1 1 _aMetaphysical poets
_cby Krishna Nandan Sinha
250 _a1st.
260 _aLudhiana:
_bKalyani publishers,
_c1995.
300 _axvi; 213p:
_c15cm.
653 _aEnglish poetry
942 _cBK
999 _c4498
_d4498